01988nam a22002537a 450000500170000000800410001702000180005804000070007604100120008308200180009510000210011324500250013426000540015930000300021336500610024344000450030452012790034965000210162865000140164965000200166365000100168365000180169370000230171120230130161931.0230130b ||||| |||| 00| 0 eng d a9788184001631 cAL aEnglish 223a330bDEOD aSatish Y Deodhar aDay to Day Economics aHaryanabPenguin Random House India Pvt Ltdc2018 axii,214 p.bPBc20x13 cm. aABDI/0648/23b₹224.00c₹d₹299.00e25%f16-01-2023 aIndias Bestselling Business Books Series aThe economy isnt just for the economics to debate on. All of us are affected by its ups and downs - global recession, rise in interest rates, or hike in food prices. But do we understand the principles at work and how and why they really affect us? Day to day economics is an enjoyable, accessible, and extremely user-friendly book that explains modern day Indian economy to The economy isnt just for the economics to debate on. All of us are affected by its ups and downs - global recession, rise in interest rates, or hike in food prices. But do we understand the principles at work and how and why they really affect us? Day to day economics is an enjoyable, accessible, and extremely user-friendly book that explains modern day Indian economy to the layperson. In this relevant book, Professor Deodhar explains the role of the government and its involvement in different aspects of the economy; the need for the RBI and its functions; and how taxes, stock markets and recession work. Day to Day Economics will help you go beyond the facts and figures in the budget and connect the trends to your daily life. As with all IIMA business books, it comes illustrated with numerous Indian examples and case studies making this the ultimate rookies guide to the Indian economy. aEconomic history aEconomics aEconomic policy aIndia aIIM Ahmedabad aDEODHAR (Satish Y)